Places in Arkansas - sudden death - Statistics

General Stats
  • This quiz has been taken 87 times
  • The average score is 13 of 26
Answers on the Grid
Answers color-coded by a green-red scale on the quiz's grid according to % correct below.
Red River
Little Rock
Lake Ouachita
Mississippi River
A revolving restaurant
New Orleans
Texarkana
Detroit
Kansas City
Hudson River
Natural hot springs
St. Lawrence River
The Ozarks
Lake Baikal
A zinc mining ghost town
Pivot Rock Park
Deir el-Zor
Mount Magazine
Land below sea level
Arkansas River
Razorbacks Stadium
Salina
Hemingway-Pfeiffer Museum
De Queen
Clinton House
Mbandaka
Villavicencio
Empire State Building
Johnny Cash's boyhood house
The Alamo
Red Square
Bentonville
Karaj
World Bank head office
Mojave Desert
Rogers
Fort Smith
High Point
Buckingham Palace
Birthplace of Douglas MacArthur
Red Crescent Centre
Arkansas Post memorial
Funabashi
Walmart headquarters
Lakewood Township
The first US federal reservation (park)
Fayetteville
Victorville
Coral Springs
Ibrox
Round Rock
Township 13
Birthplace of Scottie Pippen
Museum of Sludge Rock
 
Answer Stats
Answer % Correct
Little Rock
95%
The Ozarks
81%
Arkansas River
76%
Natural hot springs
76%
Fayetteville
71%
Mississippi River
71%
Razorbacks Stadium
71%
Clinton House
67%
Fort Smith
67%
Texarkana
67%
Arkansas Post memorial
62%
Johnny Cash's boyhood house
62%
Red River
62%
Walmart headquarters
62%
Bentonville
57%
Birthplace of Scottie Pippen
48%
Lake Ouachita
38%
Rogers
38%
A zinc mining ghost town
24%
Birthplace of Douglas MacArthur
24%
Mount Magazine
19%
Pivot Rock Park
19%
De Queen
14%
Hemingway-Pfeiffer Museum
14%
The first US federal reservation (park)
14%
Township 13
0%
No matching quizzes found
Score Distribution
Percent of People with Each Score
Percentile by Number Answered
Your Score History
You have not taken this quiz